<?xml version="1.0" encoding="UTF-8"?>
<marc:record xmlns:marc="http://www.loc.gov/MARC21/slim">
   <marc:leader>00000nam a2200000 a 4500</marc:leader>
   <marc:datafield ind1="1" ind2=" " tag="100">
      <marc:subfield code="a">Ahern, Cecelia</marc:subfield>
      <marc:subfield code="4">ctb</marc:subfield>
      <marc:subfield code="e">Mitwirkende/-r</marc:subfield>
   </marc:datafield>
   <marc:datafield ind1="1" ind2=" " tag="100">
      <marc:subfield code="a">Preuß, Josefine</marc:subfield>
      <marc:subfield code="4">ctb</marc:subfield>
      <marc:subfield code="e">Mitwirkende/-r</marc:subfield>
   </marc:datafield>
   <marc:datafield ind1="1" ind2=" " tag="100">
      <marc:subfield code="a">Strüh, Christine</marc:subfield>
      <marc:subfield code="4">ctb</marc:subfield>
      <marc:subfield code="e">Mitwirkende/-r</marc:subfield>
   </marc:datafield>
   <marc:datafield ind1="1" ind2=" " tag="100">
      <marc:subfield code="a">Teichmann, Vera</marc:subfield>
      <marc:subfield code="4">ctb</marc:subfield>
      <marc:subfield code="e">Mitwirkende/-r</marc:subfield>
   </marc:datafield>
   <marc:datafield ind1=" " ind2=" " tag="653">
      <marc:subfield code="a">Junge Frau</marc:subfield>
   </marc:datafield>
   <marc:datafield ind1=" " ind2=" " tag="653">
      <marc:subfield code="a">Familientragödie</marc:subfield>
   </marc:datafield>
   <marc:datafield ind1=" " ind2=" " tag="653">
      <marc:subfield code="a">Tagebuch</marc:subfield>
   </marc:datafield>
   <marc:datafield ind1=" " ind2=" " tag="653">
      <marc:subfield code="a">Zukunft</marc:subfield>
   </marc:datafield>
   <marc:datafield ind1=" " ind2=" " tag="653">
      <marc:subfield code="a">CD</marc:subfield>
   </marc:datafield>
   <marc:datafield ind1=" " ind2=" " tag="653">
      <marc:subfield code="a">Fiktionale Darstellung</marc:subfield>
   </marc:datafield>
   <marc:datafield ind1=" " ind2=" " tag="653">
      <marc:subfield code="a">Belletristische Darstellung</marc:subfield>
   </marc:datafield>
   <marc:datafield ind1="0" ind2="0" tag="245">
      <marc:subfield code="a">Josefine Preuß liest Cecelia Ahern, Ich schreib dir morgen wieder</marc:subfield>
   </marc:datafield>
   <marc:datafield ind1="0" ind2="0" tag="245">
      <marc:subfield code="c">aus dem Engl. von Christine Strüh. Bearb. &amp; Regie: Vera Teichmann</marc:subfield>
   </marc:datafield>
   <marc:datafield ind1=" " ind2="1" tag="264">
      <marc:subfield code="a">Berlin</marc:subfield>
      <marc:subfield code="b">Argon-Verl.</marc:subfield>
      <marc:subfield code="c">2011</marc:subfield>
   </marc:datafield>
   <marc:datafield ind1="1" ind2=" " tag="490">
      <marc:subfield code="a">Argon-Hörbuch</marc:subfield>
   </marc:datafield>
   <marc:datafield ind1=" " ind2=" " tag="250">
      <marc:subfield code="a">Autoris. Lesefassung</marc:subfield>
   </marc:datafield>
   <marc:datafield ind1="1" ind2=" " tag="520">
      <marc:subfield code="a">Angaben aus der Verlagsmeldung

Ich schreib dir morgen wieder (Hörbestseller) The Book of Tomorrow / von Cecelia Ahern

Heute fängt deine Zukunft an

Tamara hat immer nur im Hier und Jetzt gelebt – und nie einen Gedanken an morgen verschwendet. Bis sie ein Tagebuch findet, in dem ihre Zukunft schon aufgezeichnet ist … Eine verzaubernde Geschichte darüber, wie das Morgen unsere Gegenwart verändern kann – der neue wunderbare Roman der jungen irischen Weltbestsellerautorin.

Nach dem Selbstmord ihres Vaters muss die junge Tamara aus ihrem Dubliner Glamour-Leben zu einfachen Verwandten aufs Land ziehen. Ihre Mutter ist vor Trauer über den Tod ihres Mannes kaum ansprechbar, und fernab ihrer Freunde fühlt sich Tamara völlig alleingelassen. Das einzig Interessante an dem abgelegenen Ort, an dem sie jetzt leben muss, scheint die ausgebrannte Ruine des alten Kilsaney-Schlosses. Doch dann entdeckt Tamara ein geheimnisvolles Buch: ein Tagebuch, in dem ihr eigenes Leben aufgeschrieben ist – und zwar immer schon der nächste Tag! Es führt Tamara zu den verborgenen Geheimnissen ihrer Familie und hilft ihr, den Weg zu Liebe und Zukunft zu finden.

Josefine Preuß ist als Tochter Lena in "Türkisch für Anfänger" bekannt. Mit ihrer temperamentvollen mädchenhaften Stimme hat die beliebte Schauspielerin schon viele Hörbücher mit großem Erfolg eingelesen und ist damit die perfekte Besetzung für "Cecelia Aherns Ich schreib dir morgen wieder".
</marc:subfield>
   </marc:datafield>
   <marc:datafield ind1=" " ind2=" " tag="020">
      <marc:subfield code="a">9783839890707</marc:subfield>
      <marc:subfield code="9">9783839890707</marc:subfield>
   </marc:datafield>
   <marc:datafield ind1=" " ind2=" " tag="020">
      <marc:subfield code="a">3839890705</marc:subfield>
      <marc:subfield code="9">3839890705</marc:subfield>
   </marc:datafield>
   <marc:datafield ind1=" " ind2=" " tag="041">
      <marc:subfield code="a">ger</marc:subfield>
   </marc:datafield>
   <marc:datafield ind1=" " ind2=" " tag="300">
      <marc:subfield code="a">5 CDs (322 Min.)</marc:subfield>
   </marc:datafield>
</marc:record>
